Interactive thermodynamics v 1.5 (Record no. 166152)
[ view plain ]
| 000 -LEADER | |
|---|---|
| fixed length control field | 00783nam a2200241 a 4500 |
| 008 - FIXED-LENGTH DATA ELEMENTS--GENERAL INFORMATION | |
| fixed length control field | |
| 020 ## - INTERNATIONAL STANDARD BOOK NUMBER | |
| International Standard Book Number | 0471298328 (pbk. ) |
| 049 ## - LOCAL HOLDINGS (OCLC) | |
| Holding library | MAIN |
| 090 ## - LOCALLY ASSIGNED LC-TYPE CALL NUMBER (OCLC); LOCAL CALL NUMBER (RLIN) | |
| Classification number (OCLC) (R) ; Classification number, CALL (RLIN) (NR) | TJ265 INT |
| 003 - CONTROL NUMBER IDENTIFIER | |
| control field | |
| 005 - DATE AND TIME OF LATEST TRANSACTION | |
| control field | 20230123134442.0 |
| 040 ## - CATALOGING SOURCE | |
| Transcribing agency | NUST |
| 245 #0 - TITLE STATEMENT | |
| Title | Interactive thermodynamics v 1.5 |
| Statement of responsibility, etc. | to accompany fundamentals of engineering thermodynamics / |
| -- | Michael J, Morgan and Howard N. Shapiro. |
| 260 ## - PUBLICATION, DISTRIBUTION, ETC. | |
| Place of publication, distribution, etc. | New York : |
| Name of publisher, distributor, etc. | Wiley, |
| Date of publication, distribution, etc. | 1999. |
| 300 ## - PHYSICAL DESCRIPTION | |
| Extent | 28 p. : |
| Other physical details | ill. ; |
| Dimensions | 26 cm. + |
| Accompanying material | compact disc. |
| 650 #0 - SUBJECT ADDED ENTRY--TOPICAL TERM | |
| Topical term or geographic name entry element | Thermodynamics |
| Form subdivision | Problems, exercises, etc. |
| 700 1# - ADDED ENTRY--PERSONAL NAME | |
| Personal name | Moran, Michael J. |
| 700 1# - ADDED ENTRY--PERSONAL NAME | |
| Personal name | Shapiro, Howard N. |
| 700 1# - ADDED ENTRY--PERSONAL NAME | |
| Personal name | Nelson, Ron M. |
| 700 1# - ADDED ENTRY--PERSONAL NAME | |
| Personal name | Moran, Michael J. |
| 907 ## - LOCAL DATA ELEMENT G, LDG (RLIN) | |
| a | .b10139928 |
| b | 05-10-16 |
| c | 15-11-04 |
| 942 ## - ADDED ENTRY ELEMENTS (KOHA) | |
| Koha item type | Ordinary Loan Books |
| Call number prefix | TJ265 INT |
| Date last seen | Total Checkouts | Full call number | Barcode | Cost, replacement price | Price effective from | Koha item type | Lost status | Source of classification or shelving scheme | Damaged status | Not for loan | Collection | Withdrawn status | Home library | Current library | Shelving location | Date acquired | Cost, normal purchase price |
|---|---|---|---|---|---|---|---|---|---|---|---|---|---|---|---|---|---|
| 01/23/2023 | TJ265 INT | 92004006755 | 80.00 | 01/23/2023 | BOOKS | LCC | NFIC | MAIN | MAIN | GEN | 01/23/2023 | 80.00 |